000 01392nam a2200157 4500
008 708 C267c
020 _a9789974363632
082 _a708
_bC267c
100 _aWillers, Karl Emil (curaduría)
_97221
245 _aCardillo:
_bdel río de la Plata al valle del río Hudson
260 _aUruguay
_bMuseo Nacional de Artes Visuales
_c2018
300 _a230 p.
_bil. (col)
_c28 x 24 cm
505 _tPrólogo / Prologue
_rEnrique Aguerre
_tRimer Cardillo: del Río de la Plata al valle del río Hudson / Rimer Cardillo: from the Río de la Plata to the río Hudson River Valley
_rKarl Emil Willers
_tPoética y política de una representación de la naturaleza / Poetics and Politics of a Representation of Nature
_rManuel Neves
_tMatrices simbólicas de un acervo ancestral / Symbolic Matrices of an Ancestral Heritage
_rCecilia Marina Slaby
_tRimer Cardillo: una confederación de atributos / Rimer Cardillo: A Confederation of Atributes
_rLinda Weintraub
_tEscenografías de insectos / Insect stage sets
_rRimer Cardillo
_tPor las tierras de Quiroga / Intro the Lands of Quiroga
_rRimer Cardillo
_tBúho / Owl
_rRimer Cardillo
_tCaparazones / Carapaces
_rRimer Cardillo
_tObras expuestas / Works in the Exhibition
_tCronología / Chronology
_tCréditos / Credits
650 _xarte contemporáneo
_xarte - exhibiciones
_xCardillo, Rimer
_xGrabado
_xEscultura
_xUruguay
_97222
700 _aNeves, Manuel (curaduría)
_97191
999 _c1865
_d1865